Normal view
MARC view
- Versteeg, H. K.
Entry Personal Name
001 - CONTROL NUMBER
- control field: 1558
003 - CONTROL NUMBER IDENTIFIER
- control field: NUST
005 - DATE AND TIME OF LATEST TRANSACTION
- control field: 20170530113946.0
008 - FIXED-LENGTH DATA ELEMENTS
- fixed length control field: 170530|| aca||aabn | a|a d
040 ## - CATALOGING SOURCE
- Original cataloging agency: NUST
- Transcribing agency: NUST
100 ## - HEADING--PERSONAL NAME
- Personal name: Versteeg, H. K.
- Fuller form of name: (Henk Kaarle),
- Dates associated with a name: 1955-
670 ## - SOURCE DATA FOUND
- Source citation: Work cat.: (NUST)23265: Versteeg, H. K. (Henk Kaarle), 1955-, An introduction to computational fluid dynamics :, 2007.
